| 000 | 01775cam a2200241 4500 | ||
|---|---|---|---|
| 001 | ABS64056 | ||
| 008 | 000000n2001 000 0 eng u | ||
| 035 | _a(Sirsi) u112940 | ||
| 245 | _aHumphrey-Jones (trading as Cathedral Frames) v Welsby (VO) | ||
| 260 | _c2001 | ||
| 490 |
_aRating Appeals _v[2001] RA 67-82(9) |
||
| 520 | _aLT 21 March 2001. Ratepayer H occupied shop premises which were assessed at £2,550 rateable value in the 1995 non-domestic rating list. H appealed against the valuation tribunal decision, seeking a reduction with regard to two comparable properties (also A1 uses) and an analysis of the price paid for the freehold in 1997. H contended there should be an end allowance to reflect the shared wc, and for alleged blockages to drains and food smells from the adjoining properties. The valuation officer did not accept there should be allowances for any of these factors and referenced other comparables including A3 uses. "Held", the appeal was allowed in part and the assessment reduced to £2,430 rateable value; a 5% end allowance was granted for the shared wc which was a disability, but H's representations regarding the cooking smells and blocked drains were not accepted because no evidence existed that complaints had been made. Copy of decision available on http://www.courtservice.gov.uk/tribunals/lands/decisions/dec-ra-29-00.htm | ||
| 590 | _aABS | ||
| 650 | _aNON-DOMESTIC RATES | ||
| 650 | _aRATEABLE VALUE | ||
| 650 | _aCOMPARABLES | ||
| 650 | _aUSE CLASSES | ||
| 650 | _aEND ALLOWANCE | ||
| 650 | _aHUMPHREYS-JONES (TRADING AS CATHEDRAL FRAMES) V WELSBY (VO) | ||
| 690 | _aRATING AND LOCAL TAXATION-CASE LAW | ||
| 856 | _uhttps://www.courtservice.gov.uk/tribunals/lands/decisions/dec-ra-29-00.htm | ||
| 942 | _n0 | ||
| 999 |
_c67230 _d67230 |
||